000
00296nam a22001217a 4500
020
_a
9780307944726
100
_a
FRANEK, ROB
245
_a
CRACKING THE GRE 2013:PROVEN TECHNIQUES FOR A HIGHER SCORE
260
_a
NEW YORK
_b
RANDOM HOUSE
_c
2013
300
_a
715P
650
_a
GRE 2013
942
_c
BK
999
_c
34185
_d
34185